000 00335 a2200157 4500
001 167007
020 _a
040 _cMagnum
100 _aDerrida, Jacques
240 1 0 _aO olho da universidade
_lpor
245 1 0 _aO olho da universidade
362 0 _a1899
440 1 _aEstação Liberdade
697 _aFILOSOFIA
942 _cBK
999 _c167007
_d167007